Statistics for General Knowledge

Click here to take the quiz!

General Stats

  • This quiz has been taken 27 times
  • The average score is 12 of 15

Answer Stats

HintAnswer% Correct
Where is NaplesItaly
96%
What is BudweiserBeer
92%
Mona Lisa artist nameLeonardo da Vinci
92%
French emperor between 1804 and 1815Napoleon
92%
WWW . stands forWorld Wide Web
92%
where was the first OlympicsGreece
88%
French designer that made Chanel, first nameCoco
84%
Blue and yellow makeGreen
84%
Year of American Declaration of independence1776
80%
hello in SpanishHola
80%
"Live from New York, it's _______ Night Live!"Saturday
80%
How many Non-rectangular flags are there currently3
76%
The first element in the Periodic TableHydrogen
72%
2022 World Cup winnerArgentina
68%
USB stands forUniversal Serial Bus
24%

Score Distribution

Percentile by Number Answered

Percent of People with Each Score

Your Score History

You have not taken this quiz